Beweisverbote im Strafprozeß: Gutachten für den 46. Deutschen Juristentag, Essen 1966
| Otros Autores: | ; |
|---|---|
| Tipo de documento: | Print Libro |
| Lenguaje: | Alemán |
| Publicado: |
München
Beck
1966
|
| En: |
Verhandlungen des Deutschen Juristentages / 1 (46,3A)
Año: 1966 |
| Disponibilidad en Tübingen: | Disponible en Tübingen. IFK: F IV 69 |
| Verificar disponibilidad: | HBZ Gateway |
| Servicio de pedido Subito: | Pedir ahora. |
| Palabras clave: |
MARC
| LEADER | 00000cam a2200000 c 4500 | ||
|---|---|---|---|
| 001 | 1071839470 | ||
| 003 | DE-627 | ||
| 005 | 20231130233023.0 | ||
| 007 | tu | ||
| 008 | 850101s1966 xx ||||| 00| ||ger c | ||
| 035 | |a (DE-627)1071839470 | ||
| 035 | |a (DE-576)001839470 | ||
| 035 | |a (DE-599)BSZ001839470 | ||
| 035 | |a (OCoLC)310588802 | ||
| 035 | |a (OCoLC)310588802 | ||
| 035 | |a (DE-604)8050396692 | ||
| 040 | |a DE-627 |b ger |c DE-627 |e rakwb | ||
| 041 | |a ger | ||
| 084 | |a PC 2800 |2 rvk |0 (DE-625)rvk/135066: | ||
| 084 | |a PH 4850 |2 rvk |0 (DE-625)rvk/136155: | ||
| 245 | 0 | 0 | |a Beweisverbote im Strafprozeß |b Gutachten für den 46. Deutschen Juristentag, Essen 1966 |c Johannes Andenaes; Gerhard O. W. Müller ... |
| 264 | 1 | |a München |b Beck |c 1966 | |
| 300 | |a 211 S. | ||
| 336 | |a Text |b txt |2 rdacontent | ||
| 337 | |a ohne Hilfsmittel zu benutzen |b n |2 rdamedia | ||
| 338 | |a Band |b nc |2 rdacarrier | ||
| 490 | 1 | |a Verhandlungen des Deutschen Juristentages |a Band 1, Gutachten |v 46,3A | |
| 655 | 7 | |a Konferenzschrift |0 (DE-588)1071861417 |0 (DE-627)826484824 |0 (DE-576)433375485 |2 gnd-content | |
| 689 | 0 | 0 | |d s |0 (DE-588)4116634-6 |0 (DE-627)105805297 |0 (DE-576)209503203 |a Strafverfahren |2 gnd |
| 689 | 0 | 1 | |d s |0 (DE-588)4145178-8 |0 (DE-627)105592889 |0 (DE-576)209739460 |a Beweisverbot |2 gnd |
| 689 | 0 | |5 (DE-627) | |
| 700 | 1 | |a Andenæs, Johannes |d 1912-2003 |e Hrsg. |0 (DE-588)142429945 |0 (DE-627)636277321 |0 (DE-576)330659316 |4 edt | |
| 700 | 1 | |a Mueller, Gerhard O. W. |d 1926-2006 |e Hrsg. |0 (DE-588)119206781 |0 (DE-627)69579647X |0 (DE-576)162313233 |4 edt | |
| 810 | 2 | |a Deutscher Juristentag e.V. |b Ständige Deputation |t Verhandlungen des Deutschen Juristentages / 1 |v 46,3A |9 46,3A |w (DE-627)130191337 |w (DE-576)015734714 |w (DE-600)529521-X |7 am | |
| 889 | |w (DE-576)446957178 | ||
| 936 | r | v | |a PC 2800 |b Komplexe Untersuchungen, Querschnittsfragen |k Rechtswissenschaft |k Allgemeines zum juristischen Studium und zur Rechtswissenschaft |k Gesamtdarstellungen, Querschnittsfragen |k Komplexe Untersuchungen, Querschnittsfragen |0 (DE-627)1271142155 |0 (DE-625)rvk/135066: |0 (DE-576)201142155 |
| 936 | r | v | |a PH 4850 |b Allgemeines, auch Beweisverbote |k Rechtswissenschaft |k Strafrecht, Strafverfahrensrecht, Kriminologie |k Strafverfahrensrecht |k Beweisrecht |k Allgemeines, auch Beweisverbote |0 (DE-627)127173866X |0 (DE-625)rvk/136155: |0 (DE-576)20173866X |
| 951 | |a BO | ||
| ELC | |b 1 | ||
| LOK | |0 000 xxxxxcx a22 zn 4500 | ||
| LOK | |0 001 2013723326 | ||
| LOK | |0 003 DE-627 | ||
| LOK | |0 004 1071839470 | ||
| LOK | |0 005 20020607000000 | ||
| LOK | |0 008 930714||||||||||||||||ger||||||| | ||
| LOK | |0 040 |a DE-21-110 |c DE-627 |d DE-21-110 | ||
| LOK | |0 852 |a DE-21-110 | ||
| LOK | |0 852 1 |c F IV 69 |m p |9 00 | ||
| LOK | |0 935 |a k110 | ||
| LOK | |0 936ln |a 4.6.5 | ||
| LOK | |0 938 |k p | ||
| LOK | |0 939 |a 14-07-93 |b l01 | ||
| ORI | |a SA-MARC-krimdoka001.raw | ||
| SIG | |a IFK: F IV 69 | ||
